|
|
|
|
| LEADER |
00751nam a2200205 a 4500 |
| 001 |
c000020353 |
| 003 |
CARM |
| 005 |
00000000000000.0 |
| 008 |
s1951 enk b 00000 eng d |
| 019 |
1 |
|
|a 8565345
|z 64937165
|5 LACONCORD2021
|
| 035 |
|
|
|a (OCoLC)8607985
|5 LACONCORD2021
|
| 100 |
1 |
|
|a Hill, Ralph,
|d 1900-1950.
|
| 245 |
1 |
0 |
|a Prelude to music.
|
| 260 |
|
|
|a London,
|b Ascherberg,
|c c1951.
|
| 300 |
|
|
|a 3, 105 p.
|
| 504 |
|
|
|a Bibliography: p. 103-105.
|
| 650 |
|
0 |
|a Music
|x Analysis, interpretation, appreciation.
|
| 852 |
8 |
|
|b CARM
|h A2:AB23A0
|i B02664
|p 0091100
|f BK
|
| 999 |
f |
f |
|i 8d65112a-87ae-58f8-bcbf-62ff7eb96bd2
|s e5136587-8790-5030-a3a3-003b35319a11
|
| 952 |
f |
f |
|p Can circulate
|a CAVAL
|b CAVAL
|c CAVAL
|d CARM 1 Store
|e B02664
|f A2:AB23A0
|h Other scheme
|i book
|m 0091100
|